Problem of drug abuse in Delhi : (Record no. 126047)

MARC details
000 -LEADER
fixed length control field 00679nam a22002417a 4500
005 - DATE AND TIME OF LATEST TRANSACTION
control field 20170124110004.0
010 ## - LIBRARY OF CONGRESS CONTROL NUMBER
LC control number A-822356
020 ## - INTERNATIONAL STANDARD BOOK NUMBER
Terms of availability 75.00
035 ## - SYSTEM CONTROL NUMBER
System control number A-822356
037 ## - SOURCE OF ACQUISITION
Source of stock number/acquisition Cen Lib/Ret
040 ## - CATALOGING SOURCE
Original cataloging agency DPL
Language of cataloging EN
082 ## - DEWEY DECIMAL CLASSIFICATION NUMBER
Classification number 362.2905416
Item number SUR
100 ## - MAIN ENTRY--PERSONAL NAME
Personal name Suri, V.P.
9 (RLIN) 16418
245 ## - TITLE STATEMENT
Title Problem of drug abuse in Delhi :
Statement of responsibility, etc by V.P. Suri
Remainder of title remedies and prevention measure /
260 ## - PUBLICATION, DISTRIBUTION, ETC. (IMPRINT)
Place of publication, distribution, etc New Delhi
Name of publisher, distributor, etc Arya book depot
270 ## - ADDRESS
City New Delhi
Address 30, Naiwla karol bagh
300 ## - PHYSICAL DESCRIPTION
Extent 53p.
Dimensions 20cm(Hb)
500 ## - GENERAL NOTE
General note
650 ## - SUBJECT ADDED ENTRY--TOPICAL TERM
Topical term or geographic name as entry element Social problems
9 (RLIN) 16419
650 ## - SUBJECT ADDED ENTRY--TOPICAL TERM
Topical term or geographic name as entry element Drug abuse
9 (RLIN) 16420
700 ## - ADDED ENTRY--PERSONAL NAME
9 (RLIN) 16395
942 ## - ADDED ENTRY ELEMENTS (KOHA)
Source of classification or shelving scheme Dewey Decimal Classification
Koha item type English Books
Classification part 362.2905416
Call number suffix SUR
Holdings
Withdrawn status Lost status Damaged status Not for loan Home library Current library Date acquired Source of acquisition Cost, normal purchase price Total Checkouts Full call number Barcode Date last seen Copy number Cost, replacement price Price effective from Koha item type
        Central Library Central Library 24/06/2015 Cen Lib/Ret 75.00   362.2905416 SUR A-822356 24/06/2015 1 75.00 24/06/2015 English Books

© Delhi Public Library
Hit Counter
free hit counter